000 01586cam a22004814i 4500
003 PE-LiUPU
005 20250731172914.0
008 150617s1951 fr rb 000 0 eng d
035 _a(Sirsi) a17013
040 _aPE-LiUPU
_bspa
_cPE-LiUPU
_erda
049 _aPRUA
082 0 4 _a294.3
_bL58
_221
100 1 _aLubac, Henry de,
_eautor.
245 1 0 _aAspects du bouddhisme /
_cHenry de Lubac.
264 1 _aParis :
_bEditions du Seuil,
_c1951.
300 _a198 páginas ;
_c19 centímetros
336 _atext
_2rdacontent
337 _aunmediated
_2rdamedia
338 _avolume
_2rdacarrier
504 _anotas bibliográficas.
505 0 _aLa charité bouddhique -- Deux arbres cosmiques -- Les apparences diverses du Christ et du Buddha.
526 _aSEG42
526 _aSEG41
526 _aSEG40
526 _aSEG39
526 _aP94
526 _aP87
526 _aP86
526 _aP85
526 _aP77
526 _aP76
526 _aP35
650 1 4 _aBudismo
_xRelaciones
_xCristianismo.
650 1 4 _aCristianismo
_xRelaciones
_xBudismo.
650 2 4 _aBudismo.
910 _ajck
_bjvq
_cjck
_d20150616
942 _2ddc
_cBOOK
949 _a294.3 L58
_wDEWEY
_c1
_i54397
_lCCODEBUL1
_mBUL
_p00.00
_r0
_sY
_tBOOK
_u19930828
_xTEOLOGIA
_PP35
_0COMPRA
_o.STAFF. Colección General
994 _aC0
_bPEPRU
596 _a1
999 _a294.3 L58
_wDEWEY
_c16546
_i54397
_f2021-11-12
_g5
_lCCODEBUL1
_mBUL
_p23.15
_r0
_sY
_tBOOK
_u2015-6-17
_xTEOLOGIA
_PP35
_0COMPRA
_o.STAFF. Colección Teología
_d16546
980 _81
_gALBERTO SANCHEZ Responsable de Automatización